How Did I Get Here? (Deluxe) - Louis Tomlinson - All songs - Statistics

General Stats
  • This quiz has been taken 72 times
  • The average score is 11 of 14
Answer Stats
Number Song name % Correct
1 Lemonade
98%
5 Palaces
95%
3 Sunflowers
95%
8 Dark to Light
93%
12 Lucid
91%
9 Imposter
89%
10 Sanity
88%
11 Jump the Gun
86%
2 On Fire
86%
4 Lazy
84%
6 Last Night
82%
7 Broken Bones
80%
13[Bonus Track] Observer
32%
14[Bonus Track] Answer
30%
No matching quizzes found
Score Distribution
Percent of People with Each Score
Percentile by Number Answered
Your Score History
You have not taken this quiz